Renewable Energy Focus Handbook : (Record no. 612764)

MARC details
000 -LEADER
fixed length control field 00517nam a2200193 a 4500
008 - FIXED-LENGTH DATA ELEMENTS--GENERAL INFORMATION
fixed length control field 260217s2009##################000#0#eng##
020 ## - INTERNATIONAL STANDARD BOOK NUMBER
ISBN 9780123747051
082 04 - DEWEY DECIMAL CLASSIFICATION NUMBER
Classification number 333.794
Item number ELS
100 1# - MAIN ENTRY--AUTHOR NAME
Personal name Sørensen, Bent,
245 10 - TITLE STATEMENT
Title Renewable Energy Focus Handbook :
260 ## - PUBLICATION, DISTRIBUTION, ETC. (IMPRINT)
Name of publisher Academic Press,
Year of publication 2009.
300 ## - PHYSICAL DESCRIPTION
Number of Pages 528 pages
650 #0 - SUBJECT ADDED ENTRY--TOPICAL TERM
Topical Term Technology & Engineering.
942 ## - ADDED ENTRY ELEMENTS (KOHA)
Koha item type English Books
Holdings
Withdrawn status Lost status Damaged status Not for loan Home library Current library Shelving location Date acquired Full call number Accession Number Price effective from Koha item type
        Anna Centenary Library Anna Centenary Library 4TH FLOOR, A WING 17.02.2026 333.794 ELS 340725 17.02.2026 English Books

Find us on the map